000 00781cam a22002651 4500
001 sa 66001863
003 DLC
005 20260227112225.0
008 790912s1958 ii d 000 0 eng
010 _asa 66001863
025 _aPL480:I-H-2562
035 _a(OCoLC)5364204
040 _aDLC
_cDGU
_dOCoLC
_dDLC
041 0 _aenghin
042 _apremarc
050 0 0 _aPK1936
_b.I5
110 1 _aIndia.
_bMinistry of Education.
245 1 0 _aBasic Hindi vocabulary:
_b2000 words.
260 _a[New Delhi]
_c1958.
300 _aiv, 70 p.
_c22 cm.
490 1 _aIts Publication,
_vno. 346
650 0 _aHindi language
_xDictionaries
_xEnglish.
650 0 _aHindi language
_xGlossaries, vocabularies, etc.
810 1 _aIndia.
_bMinistry of Education.
_tPublication,
_vno. 346.
999 _c68033
_d68033